| 000 | 00000nam 2200000zi 4500 |
| 001 | 9.945748 |
| 003 | CaOODSP |
| 005 | 20250324131001 |
| 006 | m o d f |
| 007 | cr mn||||||||| |
| 008 | 241128e198107 onc o f000 0 fre d |
| 040 | |aCaOODSP|bfre|erda|cCaOODSP |
| 043 | |an-cn--- |
| 086 | 1 |aCo22-709/1981F-PDF |
| 245 | 00|aRapport provisoire : |bobservations du public concernant l'étude de la politique de délivrance de licences pour des systèmes de relais hertziens interurbains à micro-ondes (avis n° DGTN 004-80, Gazette du Canada, 29 novembre 1980). |
| 246 | 34|aAttribution des licences pour systèmes interurbains à micro-ondes : |brapport provisoire |
| 264 | 1|aOttawa (Ontario) : |bMinistère des communications, |cjuillet 1981. |
| 300 | |a1 ressource en ligne (1 volume (en pagination multiple)) |
| 336 | |atexte|btxt|2rdacontent/fre |
| 337 | |ainformatique|bc|2rdamedia/fre |
| 338 | |aressource en ligne|bcr|2rdacarrier/fre |
| 500 | |aPublié aussi en anglais sous le titre : Interim report : public comments on the intercity microwave licensing policy review (Gazette notice DGTN 004-80, November 29, 1980). |
| 500 | |aÉdition numérisée de l'imprimé [par Innovation, sciences et développement économique Canada]. |
| 650 | 6|aSystèmes de communication à micro-ondes|zCanada|xOpinion publique. |
| 650 | 6|aStations de radio|xPermis, licences, etc.|zCanada. |
| 650 | 6|aStations de télévision|xPermis, licences, etc.|zCanada. |
| 650 | 6|aOpinion publique|zCanada. |
| 710 | 1 |aCanada. |bMinistère des communications, |eorganisme de publication. |
| 775 | 08|tInterim report : |w(CaOODSP)9.938960 |
| 856 | 40|qPDF|s648 Ko|uhttps://publications.gc.ca/collections/collection_2024/isde-ised/co22/Co22-709-1981-fra.pdf |